[Event "XXXIII Memorial Edoardo Crespi Magistrale"]
[Site "Milano ITA"]
[Date "2012.12.01"]
[Round "1"]
[White "Tramalloni, Luca"]
[Black "Rambaldi, Francesco"]
[WhiteElo "2087"]
[BlackElo "2308"]
[Result "1/2-1/2"]
[PlyCount "140"]
[EventDate "2012.12.01"]

1. d4 Nf6 2. Bg5 c5 3. Bxf6 gxf6 4. d5 Qb6 5. Qc1 f5 6. e3 Bg7 7. c3 d6 8. Bd3
e6 9. Ne2 Nd7 10. Nf4 Nf6 11. Bc4 e5 12. Ne2 Bd7 13. Nd2 Qa5 14. Bb3 b5 15. c4
bxc4 16. Bxc4 Rb8 17. O-O Qb4 18. b3 O-O 19. Qc2 Kh8 20. Rad1 Bh6 21. Ng3 e4
22. Ne2 Ng4 23. h3 Ne5 24. Nf4 a5 25. Nh5 Bg5 26. Kh2 f6 27. Nf4 Bxf4+ 28. exf4
Ng6 29. g3 a4 30. Rfe1 Bb5 31. Rb1 Bxc4 32. Nxc4 axb3 33. axb3 Rfd8 34. Red1
Ne7 35. Ne3 Rb6 36. Qe2 Qb5 37. Qh5 Qe8 38. Qxe8+ Rxe8 39. Nc4 Ra6 40. b4 cxb4
41. Rxb4 Kg7 42. Rb7 Kg6 43. Rd7 Nc8 44. Rb1 Re7 45. Rbb7 Rxd7 46. Rxd7 Ra2 47.
Kg1 h5 48. h4 Ra4 49. Ne3 Ra6 50. Kg2 Na7 51. Rb7 Nc8 52. Nc4 Ra4 53. Rc7 Ne7
54. Ne3 Ng8 55. Rc6 Nh6 56. Rxd6 Ng4 57. Nxg4 fxg4 58. Kf1 Rd4 59. Ke2 Rd3 60.
Rd7 f5 61. Rd6+ Kg7 62. Re6 Rxd5 63. Re7+ Kf6 64. Re8 Ra5 65. Rb8 Ra6 66. Rg8
Ra2+ 67. Ke3 Ra3+ 68. Ke2 Ra2+ 69. Ke3 Ra3+ 70. Ke2 Ra2+ 1/2-1/2

[Event "XXXIII Memorial Edoardo Crespi Magistrale"]
[Site "Milano ITA"]
[Date "2012.12.01"]
[Round "1"]
[White "Valsecchi, Alessio"]
[Black "Gongalov, Bojan"]
[WhiteElo "2422"]
[BlackElo "2116"]
[Result "1-0"]
[PlyCount "135"]
[EventDate "2012.12.01"]

1. d4 Nf6 2. c4 g6 3. Nf3 Bg7 4. g3 O-O 5. Bg2 d5 6. cxd5 Nxd5 7. O-O Nb6 8.
Nc3 Nc6 9. d5 Na5 10. Qc2 Nac4 11. Rd1 Nd6 12. Nd4 Bd7 13. e4 Qe8 14. Qe2 e5
15. Nb3 Na4 16. Nxa4 Bxa4 17. Be3 b6 18. Rdc1 c5 19. dxc6 Bxc6 20. Bd2 Bb5 21.
Qe1 Qe6 22. Bb4 Rfd8 23. Bxd6 Qxd6 24. Rd1 Qe7 25. Bf1 Bd7 26. Bc4 Bg4 27. Be2
Be6 28. Nc1 Rxd1 29. Bxd1 Rd8 30. Bb3 Bh3 31. Qe2 Qd7 32. Bd5 Bg4 33. Qe3 Be6
34. Bxe6 fxe6 35. Nb3 Qb5 36. Rc1 h6 37. h4 Rd3 38. Rc8+ Kh7 39. Qc1 Qd7 40.
Qc2 a5 41. Rc7 Qd8 42. Ra7 Rd7 43. Rxd7 Qxd7 44. Nd2 Bf6 45. Nc4 Qd4 46. Ne3 h5
47. b3 Kg7 48. Qc7+ Kf8 49. Nc4 Qxe4 50. Qxb6 Qb1+ 51. Kg2 Qe4+ 52. f3 Qd3 53.
Qd6+ Qxd6 54. Nxd6 Bd8 55. Nc4 Bc7 56. Kf2 Ke7 57. Ke3 Kf6 58. Ke4 g5 59. hxg5+
Kxg5 60. a3 Kf6 61. b4 axb4 62. axb4 Bb8 63. b5 Bc7 64. b6 Bb8 65. Na5 Bd6 66.
Nc6 Kg5 67. b7 h4 68. gxh4+ 1-0

[Event "XXXIII Memorial Edoardo Crespi Magistrale"]
[Site "Milano ITA"]
[Date "2012.12.01"]
[Round "1"]
[White "Van Den Bersselaar, Jeroen"]
[Black "Mirzoev, Azer"]
[WhiteElo "2176"]
[BlackElo "2553"]
[Result "0-1"]
[PlyCount "86"]
[EventDate "2012.12.01"]

1. d4 d5 2. c4 c6 3. Nf3 Nf6 4. Nc3 dxc4 5. a4 Bf5 6. Ne5 Nbd7 7. Nxc4 Nb6 8.
Ne5 a5 9. f3 Nfd7 10. Nxd7 Nxd7 11. e4 Bg6 12. Be3 Qb6 13. Qd2 e5 14. dxe5 Bc5
15. Bxc5 Nxc5 16. Qf2 O-O 17. Bc4 Rad8 18. O-O Rd2 19. Be2 Rxb2 20. Rab1 Rb4
21. Rfc1 h6 22. Ra1 Rd8 23. Rd1 Re8 24. Rac1 Rxe5 25. Nd5 cxd5 26. Rxc5 f6 27.
Rc8+ Re8 28. Rxe8+ Bxe8 29. Qxb6 Rxb6 30. Rxd5 Rb1+ 31. Kf2 b6 32. Bb5 Bxb5 33.
axb5 Kf7 34. h4 Ke6 35. h5 Rb2+ 36. Kg3 a4 37. Rd4 a3 38. Ra4 a2 39. f4 Kd6 40.
Ra7 Kc5 41. e5 fxe5 42. fxe5 Kd5 43. Kf4 Rxg2 0-1

[Event "XXXIII Memorial Edoardo Crespi Magistrale"]
[Site "Milano ITA"]
[Date "2012.12.01"]
[Round "1"]
[White "Vezzosi, Paolo"]
[Black "Ricci, Marco"]
[WhiteElo "2307"]
[BlackElo "2084"]
[Result "1-0"]
[PlyCount "71"]
[EventDate "2012.12.01"]

1. Nf3 Nf6 2. c4 d6 3. d4 g6 4. Nc3 Bg7 5. e4 O-O 6. Be2 e5 7. Be3 Ng4 8. Bg5
f6 9. Bh4 Nc6 10. d5 Ne7 11. Nd2 Nh6 12. f3 g5 13. Bf2 Ng6 14. c5 Nf4 15. O-O
Nf7 16. Nc4 a6 17. Rc1 Kh8 18. cxd6 Nxd6 19. Nxd6 cxd6 20. Re1 Rg8 21. Na4 b5
22. Nb6 Rb8 23. Nxc8 Rxc8 24. Bf1 Qd7 25. Re3 g4 26. Rxc8 Rxc8 27. fxg4 Bh6 28.
Rc3 Kg7 29. g3 Ng6 30. Be2 Rxc3 31. bxc3 Qc7 32. Qb3 Bd2 33. c4 b4 34. c5 dxc5
35. Qc4 a5 36. Bxc5 1-0

[Event "XXXIII Memorial Edoardo Crespi Magistrale"]
[Site "Milano ITA"]
[Date "2012.12.01"]
[Round "1"]
[White "Villa, Giorgio"]
[Black "Lapiccirella, Daniele"]
[WhiteElo "1972"]
[BlackElo "2210"]
[Result "1-0"]
[PlyCount "55"]
[EventDate "2012.12.01"]

1. d4 d5 2. Nf3 Nf6 3. c4 c6 4. e3 e6 5. Bd3 dxc4 6. Bxc4 Nbd7 7. O-O Bd6 8.
Nc3 O-O 9. e4 e5 10. Bg5 Qe7 11. Kh1 h6 12. Bh4 exd4 13. Nxd4 Ne5 14. Bb3 Ng6
15. Nf5 Bxf5 16. Bxf6 Qxf6 17. exf5 Bxh2 18. Kxh2 Qxf5 19. Qf3 Qxf3 20. gxf3
Ne5 21. Kg3 Rfd8 22. Rad1 Nd3 23. Rd2 Rd6 24. Rfd1 Rad8 25. Bc2 Rg6+ 26. Kh2
Rd4 27. Ne4 Rd5 28. Ng3 1-0

[Event "XXXIII Memorial Edoardo Crespi Magistrale"]
[Site "Milano ITA"]
[Date "2012.12.02"]
[Round "2"]
[White "Agrifoglio, Fabio"]
[Black "Astengo, Corrado"]
[WhiteElo "1984"]
[BlackElo "2164"]
[Result "0-1"]
[PlyCount "75"]
[EventDate "2012.12.01"]

1. d4 d5 2. c4 c6 3. Nc3 Nf6 4. Bg5 dxc4 5. Nf3 b5 6. Ne5 Bb7 7. a4 a6 8. e4
Nbd7 9. Qc2 e6 10. Nf3 Qa5 11. Bd2 Qc7 12. Be2 Be7 13. O-O O-O 14. Ng5 h6 15.
e5 hxg5 16. Bxg5 Nxe5 17. dxe5 Qxe5 18. Bh4 Rfd8 19. Bf3 Rd7 20. Rfe1 Qc7 21.
axb5 cxb5 22. Nxb5 axb5 23. Rxa8+ Bxa8 24. Bxa8 Qa5 25. f4 Qxa8 26. Re5 Qd8 27.
h3 Rd2 28. Qc3 Qd4+ 29. Qxd4 Rxd4 30. Rxb5 Rxf4 31. g3 Rd4 32. Kg2 Rd2+ 33. Kf3
Rd3+ 34. Ke2 Bd6 35. b4 Bxg3 36. Bxg3 Rxg3 37. Rb8+ Kh7 38. b5 0-1

[Event "XXXIII Memorial Edoardo Crespi Magistrale"]
[Site "Milano ITA"]
[Date "2012.12.02"]
[Round "2"]
[White "Brunello, Sabino"]
[Black "Marholev, Dimitar"]
[WhiteElo "2583"]
[BlackElo "2313"]
[Result "1/2-1/2"]
[PlyCount "131"]
[EventDate "2012.12.01"]

1. d4 Nf6 2. c4 e6 3. Nc3 c5 4. d5 exd5 5. cxd5 d6 6. Nf3 g6 7. Nd2 a6 8. a4
Nbd7 9. e4 Qe7 10. Be2 Bg7 11. O-O O-O 12. Re1 Rb8 13. h3 Ne8 14. Bf1 f5 15.
exf5 Qf7 16. Nce4 Qxf5 17. Ra3 b5 18. axb5 axb5 19. Nf3 Ndf6 20. Neg5 Qxd5 21.
Rd3 Qb7 22. Ne6 Bxe6 23. Rxe6 c4 24. Ra3 Qd5 25. Qe1 Nc7 26. Re7 Rbe8 27. Ra7
Rxe7 28. Qxe7 Rf7 29. Qd8+ Nce8 30. Rxf7 Qxf7 31. Qb8 d5 32. Qxb5 Nd6 33. Qb6
Nfe4 34. Ng5 Nxg5 35. Bxg5 Ne4 36. Qd8+ Bf8 37. Be3 h5 38. g4 Kh7 39. Bg2 Bg7
40. gxh5 gxh5 41. Bxe4+ dxe4 42. Bd4 Qg6+ 43. Kf1 Bxd4 44. Qxd4 Qe6 45. Ke2 Kh6
46. Qe3+ Kg6 47. Kd2 Qd5+ 48. Kc3 Qd3+ 49. Kb4 Kf5 50. Qc5+ Kf4 51. Qf8+ Kg5
52. Qe7+ Kf5 53. Kc5 Qe2 54. Qf7+ Kg5 55. Qg7+ Kf5 56. Qd7+ Kg5 57. Qd8+ Kf5
58. Qd5+ Kf4 59. Qd6+ Kf5 60. Qd4 Qc2 61. Qd7+ Kg5 62. Qg7+ Kf5 63. Qf7+ Kg5
64. Qg7+ Kf5 65. Qf7+ Kg5 66. Qg7+ 1/2-1/2

[Event "XXXIII Memorial Edoardo Crespi Magistrale"]
[Site "Milano ITA"]
[Date "2012.12.02"]
[Round "2"]
[White "Cattaneo, Marco"]
[Black "Aleksic, Nenad"]
[WhiteElo "2049"]
[BlackElo "2347"]
[Result "0-1"]
[PlyCount "62"]
[EventDate "2012.12.01"]

1. d4 Nf6 2. Nf3 b6 3. c4 e6 4. Nc3 Bb4 5. Bg5 Bb7 6. e3 h6 7. Bh4 Bxc3+ 8.
bxc3 d6 9. Bd3 Nbd7 10. O-O Qe7 11. Nd2 g5 12. Bg3 h5 13. h4 Rg8 14. f3 O-O-O
15. hxg5 Rxg5 16. Bh4 Rg7 17. Rf2 Rdg8 18. a4 a5 19. Qe2 c5 20. Rb1 Kc7 21. Ne4
Bxe4 22. fxe4 Rg4 23. Bxf6 Nxf6 24. Qb2 Nd7 25. Be2 Rg3 26. Bf3 e5 27. d5 Qg5
28. Re1 h4 29. Kf1 h3 30. Ke2 f5 31. Qd2 Nf6 0-1

[Event "XXXIII Memorial Edoardo Crespi Magistrale"]
[Site "Milano ITA"]
[Date "2012.12.02"]
[Round "2"]
[White "Cazzaniga, Walter"]
[Black "Bentivegna, Francesco"]
[WhiteElo "2146"]
[BlackElo "2335"]
[Result "1/2-1/2"]
[PlyCount "52"]
[EventDate "2012.12.01"]

1. d4 d5 2. c4 e6 3. Nc3 c5 4. e3 Nf6 5. Nf3 a6 6. Be2 dxc4 7. Bxc4 b5 8. Bb3
Bb7 9. O-O Nbd7 10. Qe2 Bd6 11. a4 b4 12. Nb1 O-O 13. Nbd2 Qb8 14. h3 Rd8 15.
Bc4 h6 16. b3 cxd4 17. exd4 Nd5 18. Bb2 N7f6 19. Rfe1 Nf4 20. Qf1 Qa7 21. g3
N4d5 22. Rac1 Rac8 23. Qe2 a5 24. Qd3 Ne7 25. Ne5 Bxe5 26. Rxe5 Nc6 1/2-1/2

[Event "XXXIII Memorial Edoardo Crespi Magistrale"]
[Site "Milano ITA"]
[Date "2012.12.02"]
[Round "2"]
[White "Colovic, Aleksandar"]
[Black "Rettore, Ludwig"]
[WhiteElo "2457"]
[BlackElo "2115"]
[Result "1-0"]
[PlyCount "45"]
[EventDate "2012.12.01"]

1. d4 f5 2. g3 g6 3. Bg2 Nf6 4. Nf3 Bg7 5. O-O O-O 6. b3 d6 7. Bb2 e6 8. c4 Qe7
9. Nc3 Rd8 10. Qc2 Nc6 11. Rad1 e5 12. dxe5 dxe5 13. Nd5 Nxd5 14. cxd5 Nb4 15.
Qc4 Qd6 16. Bxe5 Bxe5 17. Nxe5 b5 18. Qd4 Bb7 19. e4 fxe4 20. Ng4 Re8 21. Nh6+
Kf8 22. Qh8+ Ke7 23. Qg7+ 1-0

[Event "XXXIII Memorial Edoardo Crespi Magistrale"]
[Site "Milano ITA"]
[Date "2012.12.02"]
[Round "2"]
[White "Coppola, Federico"]
[Black "Valsecchi, Alessio"]
[WhiteElo "1940"]
[BlackElo "2422"]
[Result "0-1"]
[PlyCount "43"]
[EventDate "2012.12.01"]

1. e4 c5 2. Nf3 d6 3. d4 cxd4 4. Nxd4 Nf6 5. Nc3 g6 6. Be3 Bg7 7. f3 O-O 8. Qd2
Nc6 9. Bc4 Bd7 10. O-O-O Rb8 11. Kb1 b5 12. Bb3 Na5 13. Ka1 Nc4 14. Bxc4 bxc4
15. Rb1 Re8 16. g4 Qa5 17. h4 Rb6 18. h5 Bxg4 19. b4 cxb3 20. Nxb3 Rxb3 21.
Rxb3 Bxf3 22. Rg1 0-1

[Event "XXXIII Memorial Edoardo Crespi Magistrale"]
[Site "Milano ITA"]
[Date "2012.12.02"]
[Round "2"]
[White "Formento, Paolo"]
[Black "Lavorgna, Giovanni"]
[WhiteElo "2167"]
[BlackElo "2035"]
[Result "1/2-1/2"]
[PlyCount "74"]
[EventDate "2012.12.01"]

1. e4 c5 2. Nf3 d6 3. d4 cxd4 4. Nxd4 Nf6 5. Nc3 Nc6 6. Bc4 e6 7. Bb3 Be7 8.
Be3 O-O 9. Qe2 a6 10. O-O-O Qc7 11. Rhg1 Nd7 12. g4 Nc5 13. Kb1 Bd7 14. Nf5 b5
15. Nxe7+ Nxe7 16. Qd2 Nxb3 17. axb3 d5 18. exd5 Nxd5 19. Nxd5 exd5 20. Qxd5
Be6 21. Qc5 Qb7 22. Bd4 f6 23. Qd6 Qf7 24. Bc5 Rfe8 25. f4 f5 26. gxf5 Bxf5 27.
Qd5 g6 28. Qxf7+ Kxf7 29. Rge1 Rac8 30. b4 Rcd8 31. Rxd8 Rxe1+ 32. Ka2 Bxc2 33.
Rf8+ Kg7 34. Rd8 Bf5 35. Bd4+ Kf7 36. Bc3 Be6+ 37. b3 Re2+ 1/2-1/2

[Event "XXXIII Memorial Edoardo Crespi Magistrale"]
[Site "Milano ITA"]
[Date "2012.12.02"]
[Round "2"]
[White "Friedrichs, Klaus"]
[Black "Bemporad, Filippo"]
[WhiteElo "2301"]
[BlackElo "2046"]
[Result "1/2-1/2"]
[PlyCount "134"]
[EventDate "2012.12.01"]

1. e4 c5 2. Nc3 d6 3. f4 Nc6 4. Nf3 g6 5. Bb5 Bd7 6. O-O Bg7 7. Bc4 e6 8. d3
Nge7 9. f5 exf5 10. Qe1 Na5 11. Bg5 Nxc4 12. Nd5 f6 13. Bxf6 Bxf6 14. Nxf6+ Kf7
15. Nxd7 Qxd7 16. dxc4 Rhe8 17. Ng5+ Kg7 18. Qc3+ Kg8 19. Qh3 h5 20. Rad1 Rad8
21. Rd3 Rf8 22. Rfd1 Nc6 23. exf5 Rxf5 24. Nf3 Qe7 25. Qg3 Rf6 26. Re1 Re6 27.
Rde3 Ne5 28. Nxe5 dxe5 29. Rxe5 Rxe5 30. Qxe5 Qxe5 31. Rxe5 b6 32. Kf2 Kf7 33.
Ke2 Rd7 34. b3 Kf6 35. Rd5 Re7+ 36. Kf3 Rf7 37. h4 Ke6+ 38. Ke2 Re7 39. a4 Rf7
40. a5 Rc7 41. a6 Rf7 42. Rd8 Kf5 43. Rb8 Kg4 44. Rb7 Rf8 45. Rxa7 Kxh4 46. Rb7
g5 47. a7 Ra8 48. Kf3 g4+ 49. Kf4 Rf8+ 50. Ke5 Ra8 51. Kf6 Rf8+ 52. Ke7 Ra8 53.
Kd6 Kg3 54. Kc6 h4 55. Kxb6 Kxg2 56. Rb8 Rxa7 57. Kxa7 h3 58. b4 h2 59. Rh8
h1=Q 60. Rxh1 Kxh1 61. b5 g3 62. b6 g2 63. b7 g1=Q 64. b8=Q Qa1+ 65. Kb7 Qb2+
66. Ka7 Qa2+ 67. Kb7 Qxc4 1/2-1/2

[Event "XXXIII Memorial Edoardo Crespi Magistrale"]
[Site "Milano ITA"]
[Date "2012.12.02"]
[Round "2"]
[White "Gori, Andrea"]
[Black "Mundorf, Johannes"]
[WhiteElo "2095"]
[BlackElo "2200"]
[Result "1/2-1/2"]
[PlyCount "72"]
[EventDate "2012.12.01"]

1. e4 e6 2. d4 d5 3. exd5 exd5 4. Nf3 Nc6 5. Bb5 a6 6. Bxc6+ bxc6 7. Be3 Bd6 8.
c4 dxc4 9. Qa4 Ne7 10. Nc3 Rb8 11. Qxc4 Rxb2 12. O-O O-O 13. Bg5 h6 14. Bh4 Be6
15. Qxa6 Qa8 16. Qd3 Qa3 17. Bxe7 Bxe7 18. Ne5 Bd5 19. Rac1 Rd8 20. Nc4 Bxc4
21. Qxc4 Bg5 22. Nb1 Qa5 23. Rc3 Rdb8 24. Na3 Rxa2 25. Nc2 Rbb2 26. Qxc6 Qf5
27. Ne3 Qf6 28. Qe8+ Kh7 29. Qe4+ Qg6 30. Qxg6+ Kxg6 31. Nd5 Rc2 32. Rxc7 Rxc7
33. Nxc7 Rd2 34. Nb5 Bf6 35. g3 Rb2 36. Nc7 Bxd4 1/2-1/2

[Event "XXXIII Memorial Edoardo Crespi Magistrale"]
[Site "Milano ITA"]
[Date "2012.12.02"]
[Round "2"]
[White "Iudicello, Giovanni"]
[Black "Motola, Jacopo"]
[WhiteElo "2149"]
[BlackElo "1993"]
[Result "0-1"]
[PlyCount "70"]
[EventDate "2012.12.01"]

1. e4 c5 2. Nf3 d6 3. d4 cxd4 4. Nxd4 Nf6 5. Nc3 g6 6. Be3 Bg7 7. f3 Nc6 8. Qd2
O-O 9. g4 Nxd4 10. Bxd4 Be6 11. h4 Qa5 12. a3 Rfc8 13. Bd3 Rab8 14. h5 b5 15.
hxg6 hxg6 16. b4 Qa6 17. Qh2 Bc4 18. Nd5 Bxd5 19. exd5 Qb7 20. Be4 Rc4 21. c3
a5 22. Rd1 axb4 23. axb4 Ra8 24. Bd3 Rcc8 25. Be4 Ra3 26. Qd2 Rca8 27. g5 Ra2
28. Qd3 Nh5 29. Bxg6 fxg6 30. Qxg6 Re2+ 31. Kf1 Ng3+ 32. Kg1 e5 33. dxe6 Nxh1
34. Qd3 Ng3 35. Bf2 Raa2 0-1

[Event "XXXIII Memorial Edoardo Crespi Magistrale"]
[Site "Milano ITA"]
[Date "2012.12.02"]
[Round "2"]
[White "Lapiccirella, Daniele"]
[Black "Gongalov, Bojan"]
[WhiteElo "2210"]
[BlackElo "2116"]
[Result "1-0"]
[PlyCount "73"]
[EventDate "2012.12.01"]

1. d4 Nf6 2. c4 g6 3. Nc3 d5 4. Bf4 Bg7 5. e3 c5 6. dxc5 Qa5 7. Qa4+ Qxa4 8.
Nxa4 Na6 9. cxd5 Nxd5 10. Bb5+ Kf8 11. Rd1 Be6 12. c6 Nac7 13. cxb7 Rb8 14. Bg3
Rxb7 15. Bc6 Rxb2 16. Nxb2 Bc3+ 17. Rd2 Kg7 18. Ne2 Bb4 19. a3 Bxd2+ 20. Kxd2
Rd8 21. Nd4 Bc8 22. Rc1 f6 23. Ke1 e5 24. Ne2 Ba6 25. e4 Rb8 26. exd5 Rxb2 27.
Nc3 h5 28. f4 h4 29. Bxh4 exf4 30. Bf2 Bd3 31. d6 Ne6 32. Bf3 Ng5 33. d7 Nf7
34. Rd1 Bc4 35. d8=Q Nxd8 36. Rxd8 Rc2 37. Bd4 1-0

[Event "XXXIII Memorial Edoardo Crespi Magistrale"]
[Site "Milano ITA"]
[Date "2012.12.02"]
[Round "2"]
[White "Manfredi, Vincenzo"]
[Black "Pancevski, Filip"]
[WhiteElo "2230"]
[BlackElo "2512"]
[Result "0-1"]
[PlyCount "62"]
[EventDate "2012.12.01"]

1. d4 Nf6 2. c4 d6 3. Nc3 e5 4. e4 exd4 5. Qxd4 Nc6 6. Qd2 g6 7. b3 Bg7 8. Bb2
O-O 9. f3 a5 10. h4 Nh5 11. g4 Ng3 12. Rh3 Nxf1 13. Kxf1 h5 14. g5 Bxh3+ 15.
Nxh3 Ne5 16. f4 Qd7 17. Nf2 Nf3 18. Qe2 Nd4 19. Qd2 c6 20. Na4 Nf3 21. Qe2 Bxb2
22. Qxb2 Qe7 23. Kg2 Nxh4+ 24. Kg3 f6 25. Kxh4 fxg5+ 26. Kg3 Rxf4 27. Qd4 Raf8
28. Rf1 g4 29. Nb2 Rf3+ 30. Kg2 Qh4 31. Nbd3 Rg3# 0-1

[Event "XXXIII Memorial Edoardo Crespi Magistrale"]
[Site "Milano ITA"]
[Date "2012.12.02"]
[Round "2"]
[White "Martinez, Rolly"]
[Black "Andreoni, Giuseppe"]
[WhiteElo "2441"]
[BlackElo "2101"]
[Result "1-0"]
[PlyCount "67"]
[EventDate "2012.12.01"]

1. e4 c5 2. Nf3 d6 3. d4 cxd4 4. Nxd4 Nf6 5. Nc3 a6 6. f4 e6 7. Be2 Be7 8. O-O
O-O 9. Kh1 Qc7 10. Bf3 Nc6 11. a4 Rd8 12. Be3 Ne5 13. Be2 Nc4 14. Bc1 d5 15. e5
Ne4 16. Nxe4 dxe4 17. c3 b6 18. Qe1 Bb7 19. f5 Bd5 20. Qg3 Bf8 21. Bg5 Nxb2 22.
Bf6 Kh8 23. Bxd8 Qxd8 24. fxe6 fxe6 25. Rf7 Qc8 26. Raf1 Qc5 27. Qf4 Kg8 28.
Bg4 Nd3 29. Qg3 Re8 30. Rd7 e3 31. Bh5 Nf2+ 32. Kg1 Re7 33. Rd8 Qxc3 34. Qf4
1-0

[Event "XXXIII Memorial Edoardo Crespi Magistrale"]
[Site "Milano ITA"]
[Date "2012.12.02"]
[Round "2"]
[White "Mirzoev, Azer"]
[Black "Esposito, Luca"]
[WhiteElo "2553"]
[BlackElo "2299"]
[Result "1/2-1/2"]
[PlyCount "70"]
[EventDate "2012.12.01"]

1. d4 Nf6 2. c4 e6 3. Nc3 c5 4. d5 exd5 5. cxd5 d6 6. Nf3 g6 7. Nd2 Bg7 8. e4
O-O 9. Be2 a6 10. a4 Re8 11. O-O Nbd7 12. Qc2 Ne5 13. a5 Bg4 14. f3 Bd7 15. f4
Neg4 16. Nf3 b5 17. axb6 Qxb6 18. Bc4 Bb5 19. Bxb5 axb5 20. Rxa8 Rxa8 21. e5
dxe5 22. fxe5 Nd7 23. e6 c4+ 24. Kh1 fxe6 25. h3 Nge5 26. dxe6 Qxe6 27. Nd4 Qe7
28. Ncxb5 Rf8 29. Rd1 Nc5 30. Be3 Ncd3 31. Bg1 Qf7 32. b3 Nf2+ 33. Bxf2 Qxf2
34. Qe4 cxb3 35. Nxb3 Qf5 1/2-1/2

[Event "XXXIII Memorial Edoardo Crespi Magistrale"]
[Site "Milano ITA"]
[Date "2012.12.21"]
[Round "2"]
[White "Moroni, Luca jr"]
[Black "Damia, Angelo"]
[WhiteElo "2114"]
[BlackElo "2281"]
[Result "1/2-1/2"]
[PlyCount "84"]
[EventDate "2012.12.01"]

1. Nf3 Nf6 2. c4 e6 3. g3 d5 4. Bg2 Bd6 5. O-O O-O 6. d4 c6 7. b3 Nbd7 8. Ba3
Bxa3 9. Nxa3 Qe7 10. Nc2 Ne4 11. Nfe1 Nd6 12. Ne3 b6 13. Nd3 Bb7 14. a4 Qf6 15.
Ne1 Ne4 16. Nf3 Rfd8 17. a5 c5 18. a6 Bc6 19. Ng4 Qe7 20. Nge5 Nxe5 21. Nxe5
Be8 22. dxc5 bxc5 23. Qc2 f6 24. cxd5 exd5 25. Nd3 Rac8 26. Rfd1 Bg6 27. Nf4
Bf7 28. Bxe4 Qxe4 29. Rd3 g5 30. Ng2 Bg6 31. Qd1 d4 32. Ne1 Qe6 33. Rd2 Rd6 34.
e3 Rcd8 35. exd4 cxd4 36. Nd3 Qd5 37. Ra4 Qb5 38. Rb4 Qxa6 39. Nc5 Qa5 40.
Rbxd4 Rxd4 41. Rxd4 Re8 42. b4 Qa3 1/2-1/2

[Event "XXXIII Memorial Edoardo Crespi Magistrale"]
[Site "Milano ITA"]
[Date "2012.12.02"]
[Round "2"]
[White "Nannelli, Paolo"]
[Black "Collutiis, Duilio"]
[WhiteElo "2230"]
[BlackElo "2495"]
[Result "0-1"]
[PlyCount "141"]
[EventDate "2012.12.01"]

1. d4 Nf6 2. Nf3 g6 3. Bf4 Bg7 4. e3 d6 5. h3 O-O 6. Be2 b6 7. O-O Bb7 8. Nbd2
Nbd7 9. Bh2 c5 10. c3 a6 11. a4 Ra7 12. Qb1 Qa8 13. Rd1 Bc6 14. Qa2 Qb7 15. Nc4
Rfa8 16. dxc5 Nxc5 17. a5 b5 18. Nb6 Rf8 19. Ne1 Ncd7 20. Nxd7 Qxd7 21. Bf3
Bxf3 22. Nxf3 Rb7 23. Ne5 Qc8 24. Nd3 Rc7 25. Nb4 Qb7 26. Bf4 Rc5 27. Qb1 Rfc8
28. Qd3 Rc4 29. Rab1 R8c5 30. Qe2 h6 31. Rd4 Ne4 32. Rxc4 bxc4 33. Rc1 d5 34.
f3 Nf6 35. Ra1 Rb5 36. Be5 e6 37. Bd4 Nd7 38. Bxg7 Kxg7 39. Ra2 Ne5 40. Qd2 Nc6
41. Nxc6 Qxc6 42. Qd4+ Kg8 43. Qf4 h5 44. h4 Qd7 45. Qd4 Qc7 46. Qf4 Qxf4 47.
exf4 Kf8 48. Kf2 Ke7 49. Ke3 Kd6 50. Kd2 f6 51. Kc2 e5 52. fxe5+ fxe5 53. Ra1
d4 54. cxd4 exd4 55. Re1 Rxa5 56. Re8 Re5 57. Rd8+ Kc5 58. Rc8+ Kb4 59. Rb8+
Rb5 60. Rg8 d3+ 61. Kc1 Rb6 62. g4 a5 63. g5 a4 64. Ra8 Kb3 65. f4 d2+ 66. Kxd2
Kxb2 67. Rc8 c3+ 68. Rxc3 Rd6+ 69. Rd3 Rxd3+ 70. Kxd3 a3 71. Kd4 0-1

[Event "XXXIII Memorial Edoardo Crespi Magistrale"]
[Site "Milano ITA"]
[Date "2012.12.02"]
[Round "2"]
[White "Pelizzola, Danilo"]
[Black "Van Den Bersselaar, Jeroen"]
[WhiteElo "2062"]
[BlackElo "2176"]
[Result "1/2-1/2"]
[PlyCount "120"]
[EventDate "2012.12.01"]

1. e4 c6 2. d4 d5 3. Nd2 dxe4 4. Nxe4 Nf6 5. Ng3 h5 6. Bc4 h4 7. N3e2 Bf5 8.
Nf3 Nbd7 9. c3 e6 10. h3 Ne4 11. Be3 Be7 12. Bb3 Qa5 13. Nd2 Nb6 14. Nxe4 Bxe4
15. f3 Bf5 16. Nf4 O-O-O 17. Qc1 e5 18. Ne2 Bd3 19. Kf2 Nd5 20. Bxd5 Qxd5 21.
Rd1 Bxe2 22. Kxe2 exd4 23. Rxd4 Qf5 24. Qb1 Qxb1 25. Rxd8+ Bxd8 26. Rxb1 Re8
27. Kd3 Re6 28. b3 Bb6 29. Re1 Kd7 30. Bd2 Bf2 31. Rxe6 Kxe6 32. Ke4 f5+ 33.
Kd3 Ke5 34. c4 g6 35. Ke2 Bg3 36. Be3 b6 37. a4 Kd6 38. b4 c5 39. b5 Ke5 40.
Kd3 Be1 41. Bg5 Bg3 42. Bd2 Bf4 43. Bc3+ Ke6 44. a5 Bc7 45. a6 Bf4 46. Be1 Bg5
47. Ba5 Bd8 48. Bd2 Ke5 49. Be3 Be7 50. Bg1 Ke6 51. Bf2 Ke5 52. g3 hxg3 53.
Bxg3+ f4 54. Be1 g5 55. Ba5 Bd8 56. Bc3+ Kf5 57. Ke2 Bf6 58. Be1 Ke5 59. Bf2
Be7 60. Kd3 Kf5 1/2-1/2

[Event "XXXIII Memorial Edoardo Crespi Magistrale"]
[Site "Milano ITA"]
[Date "2012.12.02"]
[Round "2"]
[White "Quaranta, Cristiano"]
[Black "Stella, Andrea"]
[WhiteElo "2102"]
[BlackElo "2453"]
[Result "1/2-1/2"]
[PlyCount "53"]
[EventDate "2012.12.01"]

1. d4 Nf6 2. c4 g6 3. f3 d5 4. cxd5 Nxd5 5. e4 Nb6 6. Nc3 Bg7 7. Be3 O-O 8. Qd2
Nc6 9. O-O-O f5 10. e5 Nb4 11. Nh3 Be6 12. b3 Qd7 13. Ng5 N4d5 14. Nxe6 Qxe6
15. Nxd5 Nxd5 16. Bc4 a5 17. Bh6 a4 18. Bxg7 Kxg7 19. Kb2 axb3 20. axb3 Rfd8
21. Ra1 Rxa1 22. Rxa1 Qd7 23. f4 Nb6 24. Rd1 Nxc4+ 25. bxc4 Qc6 26. Qb4 Kf8 27.
d5 1/2-1/2

[Event "XXXIII Memorial Edoardo Crespi Magistrale"]
[Site "Milano ITA"]
[Date "2012.12.02"]
[Round "2"]
[White "Rambaldi, Francesco"]
[Black "Jara, Erik"]
[WhiteElo "2308"]
[BlackElo "2173"]
[Result "1-0"]
[PlyCount "107"]
[EventDate "2012.12.01"]

1. e4 c5 2. Nf3 e6 3. d4 cxd4 4. Nxd4 a6 5. c4 Qc7 6. Nc3 Nf6 7. a3 Nc6 8. Be3
Be7 9. Be2 O-O 10. O-O d6 11. Rc1 Nxd4 12. Bxd4 Nd7 13. Qd3 Rd8 14. f4 Bf6 15.
Bxf6 Nxf6 16. Rfd1 Rd7 17. Qe3 b6 18. b4 Rb8 19. b5 a5 20. Na4 Re7 21. e5 dxe5
22. fxe5 Nd7 23. Rd6 f6 24. exf6 Qxd6 25. fxe7 Qxe7 26. Bg4 Nf6 27. Bf3 Qc7 28.
c5 bxc5 29. b6 Qd6 30. Rd1 Qe7 31. Qxc5 Qe8 32. Qc7 Bd7 33. Nc5 Bb5 34. a4 Bc4
35. Bc6 Qf8 36. Ne4 Nd5 37. Bxd5 exd5 38. Nd6 Ba6 39. h3 h6 40. Qc5 Bc4 41. Qc7
Ba6 42. Qc6 Rd8 43. Qxd5+ Kh7 44. Qe4+ Kg8 45. Qe6+ Kh7 46. Qe5 Rd7 47. Rd5 Qd8
48. Kh1 g6 49. Ne8 Re7 50. Qxe7+ Qxe7 51. Rd7 Qxd7 52. Nf6+ Kg7 53. Nxd7 Bb5
54. axb5 1-0

[Event "XXXIII Memorial Edoardo Crespi Magistrale"]
[Site "Milano ITA"]
[Date "2012.12.02"]
[Round "2"]
[White "Ricci, Marco"]
[Black "Lapiccirella, Mattia"]
[WhiteElo "2084"]
[BlackElo "2197"]
[Result "1/2-1/2"]
[PlyCount "59"]
[EventDate "2012.12.01"]

1. e4 c5 2. Nf3 Nc6 3. d4 cxd4 4. Nxd4 Nf6 5. Nc3 d6 6. Bg5 e6 7. Qd2 Be7 8.
O-O-O Qb6 9. Ndb5 O-O 10. Nxd6 Rd8 11. Nxc8 Raxc8 12. Bd3 Nb4 13. Kb1 Qa5 14.
a3 Nxd3 15. cxd3 Bxa3 16. Nd5 Qxd2 17. Nxf6+ gxf6 18. Bxd2 Bc5 19. Be3 Bd4 20.
Rhe1 Rc5 21. Rc1 Rb5 22. Bxd4 Rxd4 23. Rc3 f5 24. Kc2 Rdb4 25. b3 Kg7 26. f4 a5
27. g3 a4 28. exf5 axb3+ 29. Kb2 exf5 30. Re5 1/2-1/2